| 000 | 00754nam a2200241Ia 4500 | ||
|---|---|---|---|
| 003 | GCL | ||
| 008 | 140319s9999 xx 000 0 ara d | ||
| 040 |
_aGCL / _cGCL |
||
| 082 | 0 | 4 |
_a809 _bش د |
| 100 | 1 | _aشفيق مقار | |
| 245 | 1 | 0 |
_aدراسات فى الادب الاوربى المعاصر / _cشفيق مقار |
| 300 | _a317 ص | ||
| 490 |
_aسلسلة الكتب الحديثة _v0 |
||
| 650 | 0 | 4 | _aالادب - تاريخ ونقد |
| 650 | 0 | 4 | _aالادب الاوربى |
| 650 | 0 | 4 | _aبكت , صاميول |
| 650 | 0 | 4 | _aيونسكو , يوجين |
| 650 | 0 | 4 | _aاداموف، ارتور |
| 650 | 0 | 4 | _aكامى , البير |
| 650 | 0 | 4 | _aلورنس , ديفيد هربرت |
| 650 | 0 | 4 | _aبرخت, برتولد |
| 942 |
_2ddc _cBK |
||
| 999 |
_c39727 _d39727 |
||